Scene educative nell'asilo nido (Record n. 210364)
[ formato base ]
| 000 -LEADER | |
|---|---|
| fixed length control field | 01714nam a2200205Ia 4500 |
| 001 - CONTROL NUMBER | |
| control field | b6659-47621 |
| 003 - CONTROL NUMBER IDENTIFIER | |
| control field | IT-MiCISF |
| 008 - FIXED-LENGTH DATA ELEMENTS--GENERAL INFORMATION | |
| fixed length control field | 161014s9999||||xx |||||||||||||| ||und|| |
| 040 ## - CATALOGING SOURCE | |
| Original cataloging agency | IT-MiCISF |
| Transcribing agency | IT-MiCISF |
| 041 ## - LANGUAGE CODE | |
| Language code of text/sound track or separate title | it |
| 999 ## - SYSTEM CONTROL NUMBERS (KOHA) | |
| Koha Dewey Subclass [OBSOLETE] | si |
| 100 ## - MAIN ENTRY--PERSONAL NAME | |
| Personal name | Dalla Stella Rossana |
| 245 #0 - TITLE STATEMENT | |
| Title | Scene educative nell'asilo nido |
| Remainder of title | Come creare uno spazio sufficientemente buono |
| 250 ## - EDITION STATEMENT | |
| Edition statement | 1a ed. |
| 260 ## - PUBLICATION, DISTRIBUTION, ETC. (IMPRINT) | |
| Place of publication, distribution, etc. | Roma |
| Name of publisher, distributor, etc. | Magi |
| Date of publication, distribution, etc. | 2009 |
| 300 ## - PHYSICAL DESCRIPTION | |
| Extent | pp. 164 |
| 500 ## - GENERAL NOTE | |
| General note | / educazione, servizi-infanzia, psicologia, rapporti-operatori-utenti, consulenza / In un contesto istituzionale che contempla molteplici interlocutori (educatori, genitori, bambini), e all'interno delle strategie multifocali mirate a diffondere i gesti della cura, l'A. cerca di prendersi cura anche delle complesse emozioni che circolano nella comunità infantile. Asilo nido, ambiente sociale di sviluppo e contesto privilegiato d'accoglienza del bambino alle prese con i primi passi nel mondo, è qui al centro di una metodologia volta alla creazione di uno spazio promotore d'incontro tra figure educative e familiari. L'idea portante del volume è quella di ricomporre l'insieme dei passaggi operativi offrendo uno scenario metodologico che scandisce le singole sequenze sulla base di un pensiero progettuale esplicitato e analizzato. Il libro costituisce, altresì, una guida teorica e pratica per la gestione delle attività e delle dinamiche tra i diversi ambiti di competenza, con la finalità di elaborare un passaggio costante di informazioni inerenti la crescita del bambino nel rapporto con la famiglia e con la comunità infantile. |
| 650 ## - SUBJECT ADDED ENTRY--TOPICAL TERM | |
| Topical term or geographic name as entry element | Genitorialità e problemi educativi / educazione |
| Relator term | 004 |
| 942 ## - ADDED ENTRY ELEMENTS (KOHA) | |
| Koha item type | LIBRO |
| 957 ## - | |
| -- | 1 |
| 999 ## - SYSTEM CONTROL NUMBERS (KOHA) | |
| -- | 1 |
| Withdrawn status | Lost status | Damaged status | Not for loan | Home library | Current library | Date acquired | Total Checkouts | Full call number | Date last seen | Price effective from | Koha item type | Public note |
|---|---|---|---|---|---|---|---|---|---|---|---|---|
| Buone Condizioni | Not For Loan | CISF - Milano | CISF - Milano | 14/10/2016 | b6659-47621 | 14/10/2016 | 14/10/2016 | LIBRO | Data import 15.10.2016 / by Epidotti, Vaglietti |